[Event "Junior Online 4NCL Division 3"]
[Site "online"]
[Date "2020.05.28"]
[Round "7.23"]
[White "Parikh, Naavya"]
[Black "Moughtin-Leay, John"]
[Result "0-1"]
[WhiteElo "1375"]
[BlackElo "1487"]
[PlyCount "146"]
[EventDate "2020.05.28"]
[WhiteTeam "Harrow Juniors B"]
[BlackTeam "Leicestershire Juniors 1"]

1. e4 e5 2. Nf3 Nc6 3. Bc4 Bc5 4. d3 Nf6 5. Bg5 O-O 6. Nc3 h6 7. Bh4 a6 8. Nd5
Be7 9. Nxe7+ Qxe7 10. O-O d6 11. h3 Be6 12. Bb3 Rad8 13. d4 exd4 14. Nxd4 Bxb3
15. Nxb3 Ne5 16. Qd5 Nxd5 17. Bxe7 Nxe7 18. f4 Nc4 19. Rab1 a5 20. Nd4 Nd2 21.
Rbd1 Nxf1 22. Rxf1 Nc6 23. Nb5 Rd7 24. Rd1 Re8 25. e5 Rde7 26. exd6 Re1+ 27.
Rxe1 Rxe1+ 28. Kf2 Rc1 29. dxc7 Rxc2+ 30. Ke3 Ne7 31. Kd3 Rc5 32. a4 Kf8 33.
Kd4 Rc6 34. Ke5 Ke8 35. Nd6+ Kd7 36. Nb5 f6+ 37. Kd4 Ke6 38. Ke4 f5+ 39. Kd3
Nd5 40. Nd4+ Kd7 41. Nxc6 bxc6 42. Kd4 Kxc7 43. Ke5 Ne3 44. g3 Kd7 45. Kd4 Nf1
46. g4 fxg4 47. hxg4 Nh2 48. g5 hxg5 49. fxg5 Nf3+ 50. Ke4 Nxg5+ 51. Kf5 Ne6
52. Kg6 Kd6 53. Kf5 Kd5 54. Kg4 Ke4 55. Kg3 c5 56. Kf2 Kd3 57. Ke1 g6 58. Kd1
g5 59. Ke1 g4 60. Kf2 c4 61. Kg3 Nc5 62. Kxg4 Nxa4 63. Kf3 Nxb2 64. Kf2 c3 65.
Ke1 c2 66. Kf2 c1=Q 67. Kf3 a4 68. Kf2 a3 69. Kf3 a2 70. Kf2 a1=Q 71. Kg2 Qa4
72. Kf3 Qaf4+ 73. Kg2 Qcf1# 0-1

[Event "Junior Online 4NCL Division 3"]
[Site "online"]
[Date "2020.05.28"]
[Round "7.24"]
[White "Mehta, Sophie"]
[Black "Benhamou, Nathan"]
[Result "0-1"]
[WhiteElo "1360"]
[BlackElo "1382"]
[PlyCount "116"]
[EventDate "2020.05.28"]
[WhiteTeam "Leicestershire Juniors 1"]
[BlackTeam "Harrow Juniors B"]

1. e4 e5 2. Nf3 Nc6 3. Bc4 Bc5 4. d3 Nf6 5. O-O O-O 6. Nc3 d6 7. Be3 Bb6 8.
Bxb6 axb6 9. Nd5 Be6 10. Re1 Ra5 11. Nc3 Nd4 12. Bxe6 fxe6 13. Nxd4 exd4 14.
Ne2 e5 15. f4 Nd7 16. fxe5 dxe5 17. c3 c5 18. Qb3+ Kh8 19. Rf1 Ra6 20. Rxf8+
Qxf8 21. Rf1 Qe8 22. Qf7 Ra8 23. Qxe8+ Rxe8 24. cxd4 cxd4 25. Rf7 Nc5 26. Nc1
Rb8 27. b4 Na6 28. b5 Nc5 29. Rf5 Nd7 30. a4 g6 31. Rf7 Rd8 32. g4 Nc5 33. Re7
Nxa4 34. Rxb7 Rc8 35. Nb3 Rc3 36. Rb8+ Kg7 37. Rb7+ Kh6 38. Ra7 Rxb3 39. Rxa4
Rxb5 40. h4 Rb3 41. Ra7 Rxd3 42. g5+ Kh5 43. Rxh7+ Kg4 44. Rb7 Kxh4 45. Rxb6
Kxg5 46. Rb5 Kf4 47. Rb6 g5 48. Rb1 Kxe4 49. Re1+ Kf4 50. Rf1+ Kg4 51. Kh2 e4
52. Rg1+ Kf5 53. Re1 e3 54. Rf1+ Kg6 55. Rf8 e2 56. Re8 Re3 57. Rg8+ Kh5 58.
Rh8+ Kg4 0-1

[Event "Junior Online 4NCL Division 3"]
[Site "online"]
[Date "2020.05.28"]
[Round "7.25"]
[White "Mikalajunas, Kajus"]
[Black "Patel, Krrish"]
[Result "0-1"]
[WhiteElo "1675"]
[BlackElo "1517"]
[PlyCount "130"]
[EventDate "2020.05.28"]
[WhiteTeam "Leicestershire Juniors 1"]
[BlackTeam "Harrow Juniors B"]

1. d4 Nf6 2. Nf3 g6 3. e3 Bg7 4. Bd3 O-O 5. O-O d6 6. Nc3 Bg4 7. Be2 Nbd7 8.
Qd3 c6 9. h3 Bf5 10. Qd2 Nb6 11. Bd3 Bxd3 12. Qxd3 d5 13. Ne5 e6 14. e4 dxe4
15. Nxe4 Nxe4 16. Qxe4 Nd7 17. Nxd7 Qxd7 18. Be3 Rad8 19. c3 f5 20. Qd3 e5 21.
Rad1 exd4 22. Qc4+ Kh8 23. Bxd4 Bxd4 24. cxd4 b5 25. Qb4 Rf6 26. Qc5 a5 27. Qe5
Kg7 28. Rfe1 Kf7 29. Qc5 Rd6 30. Qe5 Rd5 31. Qf4 c5 32. Qh4 Kg8 33. Qf6 Rxd4
34. Rxd4 Qxd4 35. Qe6+ Kh8 36. Qe7 Qd6 37. Qe2 b4 38. b3 Kg7 39. Qb2+ Qd4 40.
Qe2 Qd6 41. Qb5 Qd2 42. Qb7+ Kg8 43. Qe7 Qd6 44. Qxd6 Rxd6 45. Re5 Rd2 46. Rxc5
Rxa2 47. Rb5 Ra3 48. Rb8+ Kg7 49. f3 Rxb3 50. Rb5 Ra3 51. Kf2 b3 52. Ke1 a4 53.
Kd1 Ra2 54. Kc1 Rxg2 55. Ra5 Rg3 56. Rxa4 Rxf3 57. Kb2 Rxh3 58. Ra7+ Kh6 59.
Rb7 Kg5 60. Rc7 h5 61. Rc5 h4 62. Rc1 Rg3 63. Re1 h3 64. Rh1 f4 65. Rh2 Rg2+
0-1

[Event "Junior Online 4NCL Division 3"]
[Site "online"]
[Date "2020.05.28"]
[Round "7.26"]
[White "Sankar, Dheekshitha"]
[Black "Tang, Joshua"]
[Result "0-1"]
[WhiteElo "1510"]
[BlackElo "1495"]
[PlyCount "102"]
[EventDate "2020.05.28"]
[WhiteTeam "Harrow Juniors B"]
[BlackTeam "Leicestershire Juniors 1"]

1. e4 d5 2. Nc3 d4 3. Na4 e5 4. Nf3 Bd7 5. b3 b5 6. Nb2 Bd6 7. c4 a6 8. g3 Nf6
9. d3 O-O 10. Bg2 c5 11. O-O Nc6 12. Bd2 b4 13. a3 a5 14. Re1 h6 15. Qe2 Rb8
16. Rec1 Bg4 17. Rc2 Nh7 18. Na4 f5 19. Qe1 f4 20. gxf4 exf4 21. axb4 Nxb4 22.
Bxb4 Rxb4 23. Nb2 Rxb3 24. Rxa5 Bc7 25. Rxc5 Bxf3 26. Bxf3 Bb6 27. Rd5 Qb8 28.
c5 Bxc5 29. Rdxc5 Rxb2 30. Qc1 Rb1 31. Rc8 Rxc1+ 32. Kg2 Rxc8 33. Rxc8+ Qxc8
34. e5 Ng5 35. Bd5+ Ne6 36. Kf3 Qc6 37. Bxc6 Rxc6 38. Ke4 Rc2 39. Kd5 Kf7 40.
f3 Rxh2 41. Ke4 Re2+ 42. Kd5 Re3 43. Kc4 Rxf3 44. Kd5 h5 45. Kc4 h4 46. Kd5 h3
47. Ke4 Rf1 48. Kf5 h2 49. Kg4 Rg1+ 50. Kf5 g6+ 51. Ke4 h1=B# 0-1

[Event "Junior Online 4NCL Division 3"]
[Site "online"]
[Date "2020.05.28"]
[Round "7.27"]
[White "Moughtin-Leay, John"]
[Black "Parikh, Naavya"]
[Result "1-0"]
[WhiteElo "1487"]
[BlackElo "1375"]
[PlyCount "115"]
[EventDate "2020.05.28"]
[WhiteTeam "Leicestershire Juniors 1"]
[BlackTeam "Harrow Juniors B"]

1. d4 d5 2. c4 c6 3. Nc3 Nf6 4. Bf4 Nbd7 5. e3 Nb6 6. c5 Nbd7 7. b4 b6 8. Bd3
bxc5 9. bxc5 g6 10. Nge2 Bg7 11. f3 O-O 12. O-O Re8 13. Rb1 e5 14. dxe5 Nxe5
15. Bxe5 Rxe5 16. f4 Rxe3 17. Qd2 Re7 18. Nd4 Rc7 19. f5 Qd7 20. Rbe1 Bb7 21.
a4 Re8 22. a5 a6 23. Na4 Qd8 24. Bc2 Rce7 25. Re2 Rxe2 26. Nxe2 Nd7 27. Re1 Qe7
28. Qb4 Rb8 29. Qf4 Rc8 30. Qd6 Qxd6 31. cxd6 Re8 32. Kf2 Kf8 33. Ng1 Rxe1 34.
Kxe1 gxf5 35. Bxf5 Nf6 36. Nc5 Bh6 37. Nxb7 Ke8 38. d7+ Nxd7 39. Bxh7 Ke7 40.
Bd3 c5 41. Bxa6 c4 42. Bb5 Ne5 43. Ba4 Ke6 44. Nd8+ Kd6 45. Nb7+ Kc7 46. Nc5
Kd6 47. a6 Be3 48. a7 Nc6 49. Nb7+ Kc7 50. a8=Q Bb6 51. Bxc6 Kxc6 52. Nf3 Kb5
53. Kd1 Bf2 54. Kc2 Bb6 55. Ne5 f6 56. Nd7 Kb4 57. Nxb6 d4 58. Qa4# 1-0

[Event "Junior Online 4NCL Division 3"]
[Site "online"]
[Date "2020.05.28"]
[Round "7.31"]
[White "Brightley-Davies, Ciaran"]
[Black "Postans, Harrison"]
[Result "1-0"]
[WhiteElo "1637"]
[BlackElo "1620"]
[PlyCount "93"]
[EventDate "2020.05.28"]
[WhiteTeam "KJCA Young Kestrels C"]
[BlackTeam "EPR Paradox"]

1. e4 e5 2. Nf3 Nc6 3. d4 exd4 4. Nxd4 Nf6 5. Nxc6 bxc6 6. e5 Nd5 7. c4 Nb6 8.
Nc3 d6 9. Bf4 Be7 10. exd6 cxd6 11. Be2 O-O 12. O-O Be6 13. b3 d5 14. cxd5 Nxd5
15. Nxd5 Bxd5 16. Bf3 Bd6 17. Bxd5 Bxf4 18. Bxc6 Rc8 19. Qf3 Qf6 20. Be4 Rfe8
21. Rae1 g6 22. g3 Rc3 23. Qxf4 Qxf4 24. gxf4 Rc7 25. Re2 Rce7 26. Rfe1 f5 27.
Bf3 Kf7 28. Bd5+ Kf6 29. Rxe7 Rxe7 30. Rxe7 Kxe7 31. Kf1 Kd6 32. Bc4 Kc5 33.
Bg8 h6 34. Bh7 g5 35. fxg5 hxg5 36. Bxf5 Kb4 37. Kg2 Ka3 38. Be6 Kxa2 39. Kg3
Ka3 40. Kg4 Kb4 41. Kxg5 Kc5 42. h4 Kd6 43. Kf6 a5 44. h5 Kc7 45. h6 Kd8 46. h7
Ke8 47. h8=Q# 1-0

[Event "Junior Online 4NCL Division 3"]
[Site "online"]
[Date "2020.05.28"]
[Round "7.32"]
[White "Stevenson, Neil"]
[Black "Mehta, Shaurya"]
[Result "0-1"]
[WhiteElo "1483"]
[BlackElo "1615"]
[PlyCount "78"]
[EventDate "2020.05.28"]
[WhiteTeam "EPR Paradox"]
[BlackTeam "KJCA Young Kestrels C"]

1. e4 e5 2. Nf3 Nc6 3. Bc4 Bc5 4. b4 Bxb4 5. c3 Bc5 6. O-O d6 7. d4 Bb6 8. dxe5
Bg4 9. exd6 cxd6 10. Bg5 Nge7 11. Nbd2 O-O 12. Bd5 h6 13. Bxc6 bxc6 14. Bf4 Ng6
15. Bg3 Qf6 16. Rc1 Rfd8 17. Qa4 Bxf3 18. Nxf3 Rac8 19. Rfd1 d5 20. exd5 cxd5
21. h4 Rxc3 22. h5 Rxc1 23. Rxc1 Ne7 24. Bh4 Qb2 25. Rc2 Qa1+ 26. Kh2 f6 27.
Qb4 Nf5 28. g4 Nxh4 29. Nxh4 Qd1 30. Qe7 Qxc2 31. Nf5 Qxf2+ 32. Kh3 Qf3+ 33.
Kh2 Qxg4 34. Qe6+ Kh8 35. Nxh6 gxh6 36. Qxf6+ Qg7 37. Qe6 Rg8 38. Qxd5 Qg1+ 39.
Kh3 Qg3# 0-1

[Event "Junior Online 4NCL Division 3"]
[Site "online"]
[Date "2020.05.28"]
[Round "7.33"]
[White "Oprea, Danny"]
[Black "Wynn, Jacob"]
[Result "1-0"]
[WhiteElo "1630"]
[BlackElo "1234"]
[PlyCount "85"]
[EventDate "2020.05.28"]
[WhiteTeam "KJCA Young Kestrels C"]
[BlackTeam "EPR Paradox"]

1. c4 e5 2. g3 Nf6 3. Bg2 Bc5 4. Nc3 Nc6 5. e3 d6 6. h3 Be6 7. b3 d5 8. cxd5
Bxd5 9. Nxd5 Nxd5 10. Ne2 Nf6 11. Bb2 Qe7 12. O-O O-O 13. d4 exd4 14. Nxd4 Rad8
15. Nxc6 bxc6 16. Qc2 Bd6 17. Qxc6 g6 18. Qc3 Kg7 19. e4 Rde8 20. f4 Bc5+ 21.
Kh2 h6 22. e5 Nd7 23. e6+ Nf6 24. exf7 Rxf7 25. Rfe1 Qf8 26. Rxe8 Qxe8 27. Qxc5
Kh7 28. Bxf6 Rxf6 29. Qxc7+ Rf7 30. Qc3 h5 31. Re1 Qg8 32. Qc5 Kh6 33. Qg5+ Kg7
34. Bd5 Kf8 35. Bxf7 Qxf7 36. Qd8+ Kg7 37. Re7 Qxe7 38. Qxe7+ Kg8 39. Qxa7 Kf8
40. b4 Ke8 41. b5 Kd8 42. b6 Kc8 43. Qc7# 1-0

[Event "Junior Online 4NCL Division 3"]
[Site "online"]
[Date "2020.05.28"]
[Round "7.34"]
[White "Haddow, Dylan"]
[Black "Ajili, Nour"]
[Result "0-1"]
[WhiteElo "803"]
[BlackElo "1547"]
[PlyCount "50"]
[EventDate "2020.05.28"]
[WhiteTeam "EPR Paradox"]
[BlackTeam "KJCA Young Kestrels C"]

1. e4 e5 2. Nf3 Nc6 3. Nc3 Bc5 4. Bc4 Nf6 5. O-O O-O 6. d3 h6 7. Bd2 d6 8. Qc1
Bg4 9. Bxh6 gxh6 10. Qxh6 Ne7 11. Qg5+ Ng6 12. Qxg6+ Kh8 13. Qh6+ Nh7 14. h4
Bxf3 15. d4 Rg8 16. g3 Bxd4 17. Bxf7 Rxg3+ 18. Kh2 Rg2+ 19. Kh3 Qe7 20. Bg6 Rg8
21. Nd5 Bxf2 22. Nxe7 Rg7 23. Nf5 R7xg6 24. Qh5 Bxh5 25. Ne7 R6g3# 0-1

[Event "Junior Online 4NCL Division 3"]
[Site "online"]
[Date "2020.05.28"]
[Round "7.35"]
[White "Postans, Harrison"]
[Black "Brightley-Davies, Ciaran"]
[Result "1/2-1/2"]
[WhiteElo "1620"]
[BlackElo "1637"]
[PlyCount "102"]
[EventDate "2020.05.28"]
[WhiteTeam "EPR Paradox"]
[BlackTeam "KJCA Young Kestrels C"]

1. e4 e6 2. d4 d5 3. exd5 exd5 4. c4 Nf6 5. Nc3 Be6 6. Nf3 dxc4 7. Be2 Bb4 8.
O-O O-O 9. Bg5 h6 10. Bh4 Be7 11. Bxf6 Bxf6 12. d5 Bg4 13. Bxc4 Nd7 14. Bd3 Ne5
15. h3 Bxf3 16. gxf3 Qd7 17. Kg2 c6 18. d6 Rad8 19. Ne4 Nxd3 20. Qxd3 Bxb2 21.
Rab1 Ba3 22. Qxa3 f5 23. Ng3 Rf6 24. Qxa7 Rg6 25. f4 Qxd6 26. Rxb7 Qxf4 27. Rd7
Rxd7 28. Qxd7 Qe4+ 29. Kh2 Qf4 30. Qxf5 Qxf5 31. Nxf5 Kf8 32. Rc1 Rf6 33. Rc5
g6 34. Nxh6 Rxf2+ 35. Kg3 Rxa2 36. Rxc6 Ra3+ 37. Kh4 g5+ 38. Kxg5 Rxh3 39. Rc7
Rh1 40. Nf5 Ra1 41. Kf6 Ra6+ 42. Ke5 Ra5+ 43. Ke6 Ra6+ 44. Nd6 Ra1 45. Rc8+ Kg7
46. Nf5+ Kg6 47. Rg8+ Kh5 48. Ke5 Ra5+ 49. Kf4 Ra4+ 50. Ke5 Ra5+ 51. Ke6 Ra6+
1/2-1/2

[Event "Junior Online 4NCL Division 3"]
[Site "online"]
[Date "2020.05.28"]
[Round "7.36"]
[White "Mehta, Shaurya"]
[Black "Stevenson, Neil"]
[Result "0-1"]
[WhiteElo "1615"]
[BlackElo "1483"]
[PlyCount "72"]
[EventDate "2020.05.28"]
[WhiteTeam "KJCA Young Kestrels C"]
[BlackTeam "EPR Paradox"]

1. e4 e5 2. Nf3 d6 3. h3 f5 4. d3 Nf6 5. Bg5 Be7 6. Bxf6 Bxf6 7. g3 O-O 8. Bg2
Qe8 9. Nc3 Nc6 10. Nd5 Bd8 11. h4 f4 12. Ng5 Bxg5 13. hxg5 fxg3 14. fxg3 Qf7
15. Rf1 Qg6 16. Rxf8+ Kxf8 17. Qf3+ Kg8 18. c3 Qxg5 19. b4 Bg4 20. Qe3 Qxe3+
21. Nxe3 Be6 22. a4 Rf8 23. O-O-O Bb3 24. Rh1 Bxa4 25. Nd5 Rf2 26. Bh3 Bb3 27.
Nxc7 Rc2+ 28. Kb1 Rxc3 29. Rf1 Nxb4 30. Be6+ Bxe6 31. Nxe6 h6 32. Rf8+ Kh7 33.
Rf7 Rxd3 34. Rxg7+ Kh8 35. Rxb7 Rb3+ 36. Kc1 Na2+ 0-1

[Event "Junior Online 4NCL Division 3"]
[Site "online"]
[Date "2020.05.28"]
[Round "7.37"]
[White "Wynn, Jacob"]
[Black "Oprea, Danny"]
[Result "0-1"]
[WhiteElo "1234"]
[BlackElo "1630"]
[PlyCount "72"]
[EventDate "2020.05.28"]
[WhiteTeam "EPR Paradox"]
[BlackTeam "KJCA Young Kestrels C"]

1. e4 c5 2. Nf3 Nc6 3. Nc3 g6 4. Bc4 Bg7 5. d3 Nf6 6. Bg5 O-O 7. Qd2 d6 8. O-O
Bg4 9. Rad1 Bxf3 10. gxf3 Ne5 11. d4 Nxf3+ 12. Kg2 Nxd2 13. Rfe1 cxd4 14. Ne2
Nxc4 15. Rxd4 Ne5 16. Kg3 h6 17. Bf4 Nh5+ 18. Kg2 Nxf4+ 19. Nxf4 Nc6 20. Rdd1
Bxb2 21. Rb1 Bc3 22. Red1 b6 23. Rb3 Be5 24. Nd3 Bg7 25. Kf1 Ne5 26. Nxe5 Bxe5
27. Rd5 Bxh2 28. Kg2 Be5 29. Rd1 Rc8 30. Rc1 Bf4 31. Rcb1 Rxc2 32. R3b2 Rxb2
33. Rxb2 Qd7 34. Kf1 Rc8 35. Re2 Qh3+ 36. Ke1 Rc1# 0-1

[Event "Junior Online 4NCL Division 3"]
[Site "online"]
[Date "2020.05.28"]
[Round "7.38"]
[White "Ajili, Nour"]
[Black "Haddow, Dylan"]
[Result "1-0"]
[WhiteElo "1547"]
[BlackElo "803"]
[PlyCount "31"]
[EventDate "2020.05.28"]
[WhiteTeam "KJCA Young Kestrels C"]
[BlackTeam "EPR Paradox"]

1. e4 e5 2. Nf3 Nc6 3. Bc4 h6 4. c3 Nf6 5. d4 exd4 6. cxd4 Nxe4 7. O-O Bd6 8.
Re1 O-O 9. Rxe4 Re8 10. Qe2 b6 11. Rxe8+ Qxe8 12. Qxe8+ Kh7 13. Bd3+ g6 14.
Qxf7+ Kh8 15. Bxg6 Bf8 16. Qh7# 1-0

[Event "Junior Online 4NCL Division 3"]
[Site "online"]
[Date "2020.05.28"]
[Round "7.41"]
[White "Jayawarna, Tarini"]
[Black "Parnes, Shira"]
[Result "1-0"]
[WhiteElo "1652"]
[BlackElo "1525"]
[PlyCount "75"]
[EventDate "2020.05.28"]
[WhiteTeam "Manchester Juniors A"]
[BlackTeam "Ojays D"]

1. e4 e5 2. Nf3 Nc6 3. Bb5 a6 4. Ba4 Nf6 5. O-O Be7 6. Re1 b5 7. Bb3 O-O 8. c3
d5 9. exd5 Nxd5 10. Nxe5 Nxe5 11. Rxe5 c6 12. d4 Bd6 13. Re1 Qh4 14. g3 Qh3 15.
Be3 Bg4 16. Qd3 Rae8 17. Nd2 f5 18. f4 g5 19. Qf1 Qh5 20. fxg5 Rxe3 21. Rxe3 f4
22. gxf4 Rxf4 23. Qg2 Kh8 24. Ree1 Bh3 25. Qe2 Rg4+ 26. Kh1 Bg2+ 27. Qxg2 Rxg2
28. Kxg2 Qxh2+ 29. Kf1 Qxd2 30. Re6 Qf4+ 31. Ke1 Qh4+ 32. Kd1 Qg4+ 33. Re2 Ne3+
34. Kd2 Qf4 35. Rxe3 Qf2+ 36. Kd3 Bf4 37. Re8+ Kg7 38. Rg8# 1-0

[Event "Junior Online 4NCL Division 3"]
[Site "online"]
[Date "2020.05.28"]
[Round "7.42"]
[White "Zeng, Royce"]
[Black "Jayawarna, Thisumi"]
[Result "0-1"]
[WhiteElo "1562"]
[BlackElo "1562"]
[PlyCount "80"]
[EventDate "2020.05.28"]
[WhiteTeam "Ojays D"]
[BlackTeam "Manchester Juniors A"]

1. e4 d5 2. exd5 Qxd5 3. Nc3 Qa5 4. d3 Nf6 5. Bd2 c6 6. Nf3 Bf5 7. Be2 e6 8.
Ne5 Qxe5 9. O-O Qc7 10. Be3 Bd6 11. g3 Nbd7 12. Qd2 h5 13. Bg5 Be7 14. h4 Bd6
15. Kh2 Ng4+ 16. Bxg4 hxg4 17. Rae1 f6 18. Be3 Rxh4+ 19. Kg2 Rh3 20. Rh1 Bxg3
21. Rxh3 gxh3+ 22. Kh1 Bd6 23. Kg1 Bg4 24. f4 g5 25. fxg5 h2+ 26. Kf2 Bg3+ 27.
Kg2 Bxe1 28. Qxe1 Nb6 29. Qh4 Bf5 30. Qh8+ Kd7 31. Qg7+ Kc8 32. Qg8+ Qd8 33.
Qf7 fxg5 34. Kh1 Qd7 35. Qf8+ Qd8 36. Qf7 g4 37. Qh5 g3 38. Bf4 Qg8 39. Qh6 g2+
40. Kxh2 g1=Q# 0-1

[Event "Junior Online 4NCL Division 3"]
[Site "online"]
[Date "2020.05.28"]
[Round "7.43"]
[White "Eccleston, Bryony"]
[Black "Bridson, Ewan"]
[Result "0-1"]
[WhiteElo "1390"]
[BlackElo "1480"]
[PlyCount "62"]
[EventDate "2020.05.28"]
[WhiteTeam "Manchester Juniors A"]
[BlackTeam "Ojays D"]

1. d4 Nf6 2. Bf4 c5 3. c3 Qb6 4. Qb3 Qxb3 5. axb3 Nc6 6. Nf3 cxd4 7. Nxd4 Nxd4
8. cxd4 e6 9. e3 Bb4+ 10. Nc3 Nd5 11. Rc1 Nxf4 12. exf4 O-O 13. Bd3 d5 14. O-O
Bd7 15. Ne2 Bd6 16. Ra1 Rfc8 17. Ra2 a6 18. f5 exf5 19. Nc3 Be6 20. Ra5 Bb4 21.
Nxd5 Bxa5 22. Ne7+ Kf8 23. Nxc8 Rxc8 24. Ra1 Bd2 25. Ra4 Rc1+ 26. Bf1 Bxb3 27.
Ra3 Bc4 28. h3 Rxf1+ 29. Kh2 Bd5 30. g4 Bf4+ 31. Rg3 Rh1# 0-1

[Event "Junior Online 4NCL Division 3"]
[Site "online"]
[Date "2020.05.28"]
[Round "7.45"]
[White "Parnes, Shira"]
[Black "Jayawarna, Tarini"]
[Result "1-0"]
[WhiteElo "1525"]
[BlackElo "1652"]
[PlyCount "81"]
[EventDate "2020.05.28"]
[WhiteTeam "Ojays D"]
[BlackTeam "Manchester Juniors A"]

1. e4 e6 2. d4 d5 3. exd5 exd5 4. Nc3 Nc6 5. Nf3 Bb4 6. Bd3 Nge7 7. O-O Bf5 8.
Bxf5 Nxf5 9. Bf4 Qd7 10. Re1+ Nce7 11. Ne5 Qd8 12. Qd3 O-O 13. a3 Ba5 14. Nf3
Ng6 15. Qxf5 c6 16. Bd2 Bc7 17. Ne5 Qd6 18. g3 Rfe8 19. Qxf7+ Kh8 20. Nxg6+
hxg6 21. Rxe8+ Rxe8 22. Qxe8+ Kh7 23. Bf4 Qd8 24. Qxd8 Bxd8 25. Re1 Bf6 26. Be5
Bg5 27. f4 Bd8 28. Bb8 Bb6 29. Be5 c5 30. Na4 Ba5 31. Nc3 cxd4 32. Bxd4 a6 33.
Re5 b5 34. Rxd5 Bc7 35. Be5 Bb6+ 36. Bd4 Bc7 37. Nxb5 axb5 38. Rxb5 Bd6 39. a4
Be7 40. a5 Bd6 41. a6 1-0

[Event "Junior Online 4NCL Division 3"]
[Site "online"]
[Date "2020.05.28"]
[Round "7.46"]
[White "Jayawarna, Thisumi"]
[Black "Zeng, Royce"]
[Result "1-0"]
[WhiteElo "1562"]
[BlackElo "1562"]
[PlyCount "123"]
[EventDate "2020.05.28"]
[WhiteTeam "Manchester Juniors A"]
[BlackTeam "Ojays D"]

1. e4 e5 2. Nf3 Nc6 3. Bc4 Bc5 4. c3 Nf6 5. d3 O-O 6. O-O h6 7. Bb3 d6 8. h3
Be6 9. Bc2 d5 10. exd5 Nxd5 11. Re1 f6 12. Nbd2 Qd7 13. Ne4 Bf5 14. Nxc5 Qc8
15. Ne4 Bxe4 16. Rxe4 Kh8 17. Bb3 Nde7 18. Re1 Qf5 19. Bc2 Qe6 20. Be3 Nf5 21.
Bb3 Qe7 22. Qd2 Rad8 23. Bc2 e4 24. Nh2 Qf7 25. d4 Nd6 26. Bf4 f5 27. Nf1 g5
28. Bh2 Nc4 29. Qc1 Nb6 30. Bb3 Qf6 31. Bxc7 Rd7 32. Bxb6 axb6 33. Ba4 Ra8 34.
Bxc6 bxc6 35. Ne3 Rad8 36. Qc2 b5 37. a4 bxa4 38. Qxa4 Qe6 39. Qc4 Qf6 40. Qc5
Rd5 41. Nxd5 cxd5 42. Ra7 Re8 43. Rea1 Qf8 44. Qxf8+ Rxf8 45. Ra8 Rg8 46. Rxg8+
Kxg8 47. b4 Kf7 48. b5 Ke7 49. b6 Kd7 50. b7 Kc7 51. Rb1 Kb8 52. Kf1 f4 53. Ke2
h5 54. Kd2 g4 55. hxg4 hxg4 56. g3 fxg3 57. fxg3 e3+ 58. Kxe3 Kc7 59. b8=Q+ Kd7
60. Rb6 Ke7 61. Qa7+ Kd8 62. Rb8# 1-0

[Event "Junior Online 4NCL Division 3"]
[Site "online"]
[Date "2020.05.28"]
[Round "7.47"]
[White "Bridson, Ewan"]
[Black "Eccleston, Bryony"]
[Result "1-0"]
[WhiteElo "1480"]
[BlackElo "1390"]
[PlyCount "173"]
[EventDate "2020.05.28"]
[WhiteTeam "Ojays D"]
[BlackTeam "Manchester Juniors A"]

1. e4 e6 2. d4 d5 3. Nd2 dxe4 4. Nxe4 Bd7 5. Nf3 Bc6 6. Bd3 Nd7 7. O-O Ngf6 8.
Ng3 Be7 9. Re1 O-O 10. c3 Bd6 11. Ne5 Bxe5 12. dxe5 Nd5 13. Qg4 f5 14. exf6
Qxf6 15. f3 Ne5 16. Bxh7+ Kxh7 17. Qh5+ Kg8 18. Rxe5 Nf4 19. Bxf4 Qxf4 20. Rxe6
Rae8 21. Qg6 Rxe6 22. Qxe6+ Qf7 23. Qxf7+ Rxf7 24. Kf2 Rd7 25. Re1 Kf7 26. Ne4
Bxe4 27. Rxe4 Rd2+ 28. Re2 Rd6 29. Kg3 Rg6+ 30. Kf4 Rf6+ 31. Kg4 Rg6+ 32. Kf5
Rf6+ 33. Ke4 Re6+ 34. Kd3 Rd6+ 35. Kc4 Rc6+ 36. Kb5 Rb6+ 37. Kc5 Rc6+ 38. Kd4
Rd6+ 39. Ke3 Re6+ 40. Kd2 Rd6+ 41. Kc2 Rh6 42. h3 Ra6 43. Kb3 Rb6+ 44. Kc4 Rc6+
45. Kb5 Rb6+ 46. Kc5 Rc6+ 47. Kd4 Rd6+ 48. Ke4 Re6+ 49. Kd3 Rd6+ 50. Kc2 Ra6
51. a3 Kf6 52. Kb3 Rb6+ 53. Ka2 Re6 54. Rxe6+ Kxe6 55. b4 Kf5 56. Kb3 Kf4 57.
h4 Kg3 58. h5 Kxg2 59. f4 Kg3 60. f5 Kg4 61. f6 gxf6 62. h6 f5 63. h7 f4 64.
h8=Q f3 65. Qg7+ Kf4 66. Qg1 Ke4 67. Qf1 Kf4 68. Kc2 Ke4 69. Kd2 Kf4 70. Kd3
Kg4 71. Ke3 Kf5 72. Qxf3+ Ke5 73. Qe4+ Kd6 74. Qf5 Kc6 75. Qc5+ Kd7 76. Ke4 Kc8
77. Qf8+ Kd7 78. Qf6 Kc8 79. Kd5 a5 80. bxa5 Kb8 81. a6 Ka7 82. axb7 Kxb7 83.
Kc5 Ka7 84. Kc6 Kb8 85. Qd8+ Ka7 86. Qxc7+ Ka8 87. Qb7# 1-0

[Event "Junior Online 4NCL Division 3"]
[Site "online"]
[Date "2020.05.28"]
[Round "7.51"]
[White "Hurst, Joseph"]
[Black "Surapaneni, Rahul"]
[Result "1-0"]
[WhiteElo "1645"]
[BlackElo "1442"]
[PlyCount "77"]
[EventDate "2020.05.28"]
[WhiteTeam "Robin Hoods 1"]
[BlackTeam "Cheshire8Z"]

1. e4 c5 2. Nf3 d6 3. d4 cxd4 4. Nxd4 Nf6 5. f3 Nc6 6. c4 g6 7. Nc3 Bg7 8. Be3
O-O 9. Be2 e5 10. Nb3 Be6 11. O-O a6 12. Qd2 Rc8 13. Nc1 Ne8 14. Rd1 f5 15.
exf5 Bxf5 16. Bd3 Bxd3 17. Qxd3 Nb4 18. Qd2 Rxc4 19. a3 Nc6 20. Qd5+ Kh8 21.
Qxc4 Na5 22. Qd5 Rf5 23. Ne4 Bf8 24. Ng3 Rf6 25. Bg5 Be7 26. Bxf6+ Bxf6 27. Ne4
Be7 28. Nb3 Nc6 29. Rac1 Nc7 30. Nxd6 Nxd5 31. Nf7+ Kg8 32. Nxd8 Nf4 33. Nxb7
Ne2+ 34. Kf1 Nxc1 35. Rxc1 Nd4 36. Nxd4 exd4 37. Rc8+ Kf7 38. Rc7 Kg8 39. Rxe7
1-0

[Event "Junior Online 4NCL Division 3"]
[Site "online"]
[Date "2020.05.28"]
[Round "7.52"]
[White "Crook, Ethan"]
[Black "Stapleton, Dean"]
[Result "1-0"]
[WhiteElo "1405"]
[BlackElo "1457"]
[PlyCount "129"]
[EventDate "2020.05.28"]
[WhiteTeam "Cheshire8Z"]
[BlackTeam "Robin Hoods 1"]

1. e4 e5 2. Nf3 Nc6 3. Bc4 Bc5 4. d4 exd4 5. Ng5 d5 6. Bxd5 Ne5 7. Nxf7 Nxf7 8.
Bxf7+ Kxf7 9. Qh5+ Kf8 10. Qxc5+ Ne7 11. Bg5 b6 12. Bxe7+ Qxe7 13. Qxe7+ Kxe7
14. Nd2 g5 15. Nf3 Rg8 16. Nxd4 Bb7 17. f3 Raf8 18. O-O-O g4 19. Rhg1 gxf3 20.
gxf3 Rxg1 21. Rxg1 c5 22. Rg7+ Ke8 23. Rxb7 h5 24. Rb8+ Ke7 25. Nc6+ Kf7 26.
Rxf8+ Kxf8 27. Nxa7 h4 28. Nc8 b5 29. Nd6 b4 30. a4 bxa3 31. bxa3 Ke7 32. Nf5+
Kd7 33. Nxh4 c4 34. a4 c3 35. a5 Kc7 36. f4 Kb7 37. f5 Kc7 38. f6 Kd7 39. a6
Ke8 40. a7 Kf7 41. e5 Ke6 42. Nf3 Kf7 43. Kd1 Ke6 44. f7 Kxf7 45. e6+ Kxe6 46.
Ne5 Kxe5 47. a8=Q Kf5 48. Qf3+ Kg5 49. Qxc3 Kf4 50. Qg3+ Ke4 51. h4 Kf5 52.
Qg5+ Ke6 53. h5 Kf7 54. Qg6+ Kf8 55. h6 Ke7 56. Qe8+ Kf6 57. h7 Kf5 58. Qf7+
Kg5 59. Qh5+ Kf6 60. h8=Q+ Ke6 61. Q8e8+ Kf6 62. Qf3+ Kg7 63. Qe5+ Kg6 64.
Qeg3+ Kh6 65. Qh1# 1-0

[Event "Junior Online 4NCL Division 3"]
[Site "online"]
[Date "2020.05.28"]
[Round "7.53"]
[White "Tomsett, Jonah"]
[Black "Sajid, Aryan"]
[Result "1-0"]
[WhiteElo "1382"]
[BlackElo "1405"]
[PlyCount "53"]
[EventDate "2020.05.28"]
[WhiteTeam "Robin Hoods 1"]
[BlackTeam "Cheshire8Z"]

1. e4 e5 2. Nf3 Nc6 3. Bc4 Bc5 4. Nc3 Nf6 5. d3 h6 6. O-O O-O 7. Bd2 d6 8. h3
Be6 9. Bxe6 fxe6 10. a3 Qe7 11. b4 Bb6 12. Qe2 d5 13. exd5 exd5 14. Rfe1 Rae8
15. b5 d4 16. bxc6 dxc3 17. Bxc3 bxc6 18. Nxe5 Qc5 19. Qd2 Rd8 20. Ng6 Rfe8 21.
Rxe8+ Rxe8 22. Bxf6 gxf6 23. Rf1 Kg7 24. Nh4 Qxa3 25. Nf5+ Kh7 26. Qxh6+ Kg8
27. Qg7# 1-0